| 000 | 01250nam0a22002771 4500 | ||
|---|---|---|---|
| 001 | rc\4307743 | ||
| 005 | 20130416125948.6 | ||
| 021 |
_aRU _b[62-58017] |
||
| 035 | _a(NLR Aleph) 008506246 | ||
| 090 |
_a8140543 _c8140543 |
||
| 100 | _a20130416d1962 |||y0rusy50 ca | ||
| 101 | 0 | _arus | |
| 102 | _aRU | ||
| 105 | _aa z ||||| | ||
| 200 | 1 |
_aВибрационное резание металлов _e[Сборник статей _fНауч. ред. инж. В.С. Камалов и др.] _gЦентр. ин-т науч.-техн. информации машиностроения. Гос. ком. Совета Министров СССР по автоматизации и машиностроению |
|
| 210 |
_aМосква _cБ. и. _d1962 |
||
| 215 |
_a68 с. _cил. _d22 |
||
| 225 | 1 |
_aСерия I _i[Технология, организация производства и экономика машиностроения] |
|
| 320 | _aБиблиогр. в конце статей | ||
| 606 |
_aРезание металлов, вибрационное _jСборники _2psbo |
||
| 702 | 1 |
_aКамалов _bВ. С. _4340 |
|
| 801 | 0 |
_aRU _bNLR _gpsbo |
|
| 801 | 1 |
_aRU _bELAR _2rusmarc |
|
| 852 |
_aNLR _j62-6/9763 |
||
| 942 | _cBOOK | ||
| 980 | _aNB | ||